[Event "ICS rated blitz match"]
[Site "207.99.83.227"]
[Date "1999.05.16"]
[Round "?"]
[White "Aagaard"]
[Black "Hossa"]
[Result "0-1"]
[WhiteElo "2352"]
[BlackElo "2535"]
[PlyCount "122"]

1. d4 Nf6 2. c4 d6 3. Nf3 g6 4. Nc3 Bg7 5. e4 Bg4 6. Be2 O-O 7. Bg5 Nbd7 8. Qd2
e5 9. d5 Nc5 10. Qc2 Bh5 11. Ng1 Bxe2 12. Ngxe2 Qd7 13. f3 Rae8 14. b4 Na6 15.
Rb1 c5 16. b5 Nc7 17. a4 a5 18. Kd1 h6 19. Be3 Na8 20. Qd3 Nb6 21. Kc2 Rb8 22.
Kb3 Rfc8 23. Qd2 Kh7 24. g4 Ra8 25. Ng3 Ng8 26. Rbg1 Qe7 27. h4 Kh8 28. Nd1 Qf6
29. Qe2 Qd8 30. Nf2 Ne7 31. Qd2 Ng8 32. Nd3 Qc7 33. g5 h5 34. f4 exf4 35. Nxf4
Re8 36. Nfxh5 gxh5 37. Qe2 Bd4 38. Qxh5+ Kg7 39. Nf5+ Kf8 40. g6 Rxe4 41. Bh6+
Nxh6 42. Qxh6+ Ke8 43. gxf7+ Kd7 44. Rg7 Rf8 45. Qg6 Bxg7 46. Qxg7 Qb8 47. Qf6
Nxc4 48. Ng7 Ne3 49. Ne6 Rb4+ 50. Ka3 Nc4+ 51. Ka2 Rxa4+ 52. Kb3 Rb4+ 53. Kc3
Ne5 54. Nxf8+ Qxf8 55. Qe6+ Kc7 56. Rf1 Rxh4 57. Qe8 Rh8 58. b6+ Kxb6 59. Rb1+
Ka7 60. Qb5 Qxf7 61. Qxa5+ 61... Kb8 {Aagaard resigns} 0-1

[Event "ICS rated blitz match"]
[Site "207.99.83.227"]
[Date "1999.05.16"]
[Round "?"]
[White "Hossa"]
[Black "SuperChicken"]
[Result "0-1"]
[WhiteElo "2543"]
[BlackElo "2792"]
[Annotator "Crafty v16.6"]
[PlyCount "109"]

{annotating for player ossa using a scoring margin of +0.20 pawns. search time
limit is 1:00} 1. e4 1... c5 2. Nc3 Nc6 3. Nf3 g6 4. Bc4 Bg7 5. d3 d6 6. Bg5
Na5 7. Bb5+ Bd7 8. Bxd7+ Qxd7 9. O-O ({10:-0.09} 9. O-O 9... Nc6 10. Qe2 e5 11.
d4 f6 12. Bd2 cxd4 13. Nd5 13... Nge7 $10) ({10:+0.32} 9. Qd2 9... Nf6 10. Bxf6
exf6 11. Nd5 Nc6 12. O-O O-O 13. Qf4 Qe6 14. Rae1 $14) 9... Nc6 10. Qd2 f5 11.
exf5 Qxf5 12. Rfe1 Nf6 13. Qe3 ({9:-0.08} 13. Qe3 13... Ng4 14. Qe6 Bxc3 15.
bxc3 h6 16. Qxf5 gxf5 17. Bf4 e5 18. Rab1 $10) ({9:+0.23} 13. Bxf6 13... Bxf6
14. Ne4 O-O-O 15. c3 Ne5 16. Nxe5 Bxe5 17. d4 Bf4 18. Qd3 $10) 13... Ng4 14.
Qe6 ({9:-1.17} 14. Qe6 14... Qxe6 15. Rxe6 Nge5 16. d4 Nxf3+ 17. gxf3 Bxd4 18.
Rae1 Bxc3 19. bxc3 O-O 20. Bxe7 Nxe7 21. Rxe7 Rxf3 22. Rxb7 22... Rxc3 $17) ({
9:+0.03} 14. Qe4 14... Bxc3 15. bxc3 Qxe4 16. Rxe4 Nge5 17. Nxe5 Nxe5 18. f4
Nc6 19. Kf2 19... Kd7 $10) 14... Qxe6 15. Rxe6 Nge5 16. Nxe5 Bxe5 17. f4 Kd7
18. Rxe7+ Nxe7 19. fxe5 dxe5 20. Ne4 Rac8 21. Bf6 Rhf8 22. Bxe5 Rf5 23. Bg3 Rc6
24. Rd1 Nd5 25. Bf2 b6 26. a4 h6 27. a5 Rc8 28. b3 Nf4 29. axb6 axb6 30. Kh1
Ne2 31. g4 Rf7 32. b4 cxb4 33. Rd2 Rxf2 34. Nxf2 Nd4 35. g5 hxg5 36. Ne4 Rxc2
37. Rxc2 Nxc2 38. Nd2 Ne1 39. d4 Ke6 40. Kg1 Nc2 41. Nc4 b5 42. Nb2 b3 43. Kf2
Na3 44. Nd1 Nc4 45. Nc3 b4 46. Nb1 Kd5 47. Ke2 Kxd4 48. Nd2 Nxd2 49. Kxd2 g4
50. Kd1 Kc3 51. Ke2 b2 52. Kf2 b1=Q 53. Kg3 b3 54. Kxg4 Qf5+ 55. Kg3 0-1

[Event "ICS rated blitz match"]
[Site "207.99.83.227"]
[Date "1999.05.16"]
[Round "?"]
[White "mrjones"]
[Black "Hossa"]
[Result "1-0"]
[WhiteElo "2454"]
[BlackElo "2537"]
[Annotator "Crafty v16.6"]
[PlyCount "94"]

{annotating for player ossa using a scoring margin of +0.20 pawns. search time
limit is 1:00} 1. e4 1... e5 2. Nf3 Nf6 3. Nc3 Bb4 4. Bc4 d6 5. Nd5 Nxd5 6.
Bxd5 c6 7. Bb3 O-O 8. c3 Bc5 9. d4 exd4 10. cxd4 Bb4+ 11. Bd2 Bxd2+ 12. Qxd2
Be6 ({11:-0.75} 12... Be6 13. Bxe6 fxe6 14. O-O Nd7 15. Rac1 Nb6 16. Ng5 Qf6
17. Qe3 Rad8 18. e5 $16) ({11:-0.05} 12... Bg4 13. Bd1 Nd7 14. O-O Re8 15. Qf4
Nf6 16. e5 dxe5 17. dxe5 Qc7 18. Re1 $10) 13. Bxe6 fxe6 14. O-O Nd7 15. Qc3 Qe7
16. e5 d5 17. Rfc1 Rf5 18. Rc2 Rc8 19. Rac1 c5 20. Qa3 a6 21. Re1 Rc6 22. Rec1
Rh5 ({12:-0.61} 22... Rh5 23. g4 Rh3 24. Kg2 Rh6 25. dxc5 Rg6 26. h3 b6 27.
Qxa6 Rxc5 28. Qd3 Rxc2 29. Rxc2 $14) ({12:+0.00} 22... Rc8 $10) 23. g4 Rh6 24.
dxc5 Rg6 ({10:-0.77} 24... Rg6 25. h3 h5 26. Nd4 Rc7 27. c6 Qxa3 28. cxd7 Qe7
29. Rxc7 29... hxg4 $16) ({10:-0.46} 24... Qf8 25. Nd4 Qf4 26. Nxc6 Qxh2+ 27.
Kf1 bxc6 28. Ke2 Qxe5+ 29. Qe3 Rh2 30. Qxe5 Nxe5 31. g5 $14) 25. h3 Qf8 ({
11:-1.24} 25... Qf8 26. Nd4 Rc8 27. c6 bxc6 28. Rxc6 Rxc6 29. Qxf8+ Nxf8 30.
Rxc6 a5 31. Ra6 Nd7 32. Rxa5 32... Nxe5 $16) ({11:-0.78} 25... Nb8 26. Qe3 Rc7
27. a4 Nc6 28. Rd2 a5 29. Rdd1 Rc8 30. Nd4 30... Qh4 $16) 26. Qe3 Rh6 27. Nd2
a5 ({10:-1.21} 27... a5 28. Nb3 a4 29. Na5 Rc7 30. c6 bxc6 31. Nxc6 Nb8 32. g5
32... Rh4 $16) ({10:-0.73} 27... Qb8 28. Re1 b6 29. b4 bxc5 30. bxc5 Qf8 31.
Nb3 Rg6 32. Rb1 32... Qf5 $16) 28. f4 Qe7 ({11:-1.40} 28... Qe7 29. Nb3 Ra6 30.
Nd4 Rg6 31. c6 bxc6 32. Rxc6 Rb6 33. Rc8+ Kf7 34. R1c2 34... Qh4 $16) ({
11:-1.01} 28... a4 29. b4 axb3 30. axb3 Qe7 31. b4 b6 32. Nb3 bxc5 33. Nxc5 Rh4
34. b5 Rxc5 35. Rxc5 Nxc5 36. Rxc5 $16) 29. Rc3 Kh8 ({10:-1.23} 29... Kh8 30.
Nb3 a4 31. Na5 Rc7 32. c6 bxc6 33. Nxc6 Qh4 34. Qd4 34... Rb7 $16) ({10:-0.98} 
29... a4 30. Qd4 Ra6 31. f5 Rc6 32. b4 exf5 33. Qxd5+ Qe6 34. Rd3 Nxe5 35. gxf5
Nxd3 36. fxe6 36... Nxc1 $16) 30. b3 Rg6 31. a3 Rc8 32. b4 axb4 33. axb4 Rf8
34. b5 Nb8 35. c6 bxc6 36. bxc6 Qc7 37. Nf3 Rc8 38. Nd4 Rf8 39. Nb5 d4 40. Qxd4
Nxc6 41. Rxc6 Qb7 42. Qc5 Rg8 43. Nd6 Qe7 44. Rc7 Qxc7 45. Qxc7 Rf8 46. Qf7 Rd8
47. Ne8 h5 1-0

[Event "ICS rated blitz match"]
[Site "207.99.83.227"]
[Date "1999.05.16"]
[Round "?"]
[White "Hossa"]
[Black "JudgeTurpin"]
[Result "1/2-1/2"]
[WhiteElo "2517"]
[BlackElo "2580"]
[PlyCount "171"]

1. e4 c5 2. Nc3 Nc6 3. Nf3 e5 4. Bb5 Nf6 5. Bxc6 dxc6 6. Nxe5 Nxe4 7. Nxe4 Qd5
8. O-O Qxe5 9. Re1 Be6 10. d3 O-O-O 11. Bg5 Re8 12. Qc1 Bd6 13. Nxd6+ Qxd6 14.
Bf4 Qd5 15. b3 Qd4 16. Be5 Qg4 17. Qa3 Bd5 18. Bg3 Qb4 19. Qxb4 cxb4 20. f3 Kd7
21. Kf2 a5 22. Be5 f6 23. Bd4 h5 24. Rxe8 Rxe8 25. a3 Kd6 26. Bb6 Bf7 27. Bxa5
bxa3 28. Rxa3 c5 29. b4 c4 30. d4 Kc6 31. Ra2 b6 32. b5+ Kxb5 33. Bc3 Kc6 34.
Rb2 Bg6 35. h4 Bh7 36. Bd2 Ra8 37. c3 Bd3 38. g4 hxg4 39. fxg4 Ra1 40. h5 f5
41. gxf5 Rh1 42. f6 gxf6 43. h6 Be4 44. Kg3 Bf5 45. Kf3 Rh3+ 46. Kg2 Rd3 47.
Kf2 Be4 48. Kf1 Rh3 49. Rb4 Rh2 50. Be3 b5 51. Ke1 Bg6 52. Bf4 Rh3 53. Bd2 Rh1+
54. Kf2 Rh2+ 55. Ke1 Bf5 56. Rb2 Bd3 57. Rb4 Bc2 58. Bf4 Rh3 59. Rb2 Bh7 60.
Bd2 Be4 61. Ra2 Kb6 62. Kd1 Rh1+ 63. Ke2 Rh2+ 64. Ke1 b4 65. Ra4 bxc3 66. Rb4+
Ka6 67. Bxc3 Rxh6 68. Ra4+ Kb5 69. Rb4+ Kc6 70. Rxc4+ Kd5 71. Rc5+ Ke6 72. Ke2
Rh2+ 73. Ke3 Bd5 74. Rc8 Rh3+ 75. Kf2 Kf5 76. Rd8 Rxc3 77. Rxd5+ Ke4 78. Rc5
Rxc5 79. dxc5 Kd5 80. c6 Kxc6 81. Kg2 Kd5 82. Kf3 Ke5 83. Ke3 f5 84. Kf3 Kd5
85. Kf4 Kd4 86. Kxf5 {Game drawn because neither player has mating material}
1/2-1/2

[Event "ICS rated blitz match"]
[Site "207.99.83.227"]
[Date "1999.05.16"]
[Round "?"]
[White "Hossa"]
[Black "JudgeTurpin"]
[Result "1/2-1/2"]
[WhiteElo "2520"]
[BlackElo "2577"]
[PlyCount "253"]

1. e4 e5 2. f4 exf4 3. Nf3 g5 4. Bc4 Bg7 5. h3 d6 6. h4 h6 7. hxg5 hxg5 8. Rxh8
Bxh8 9. Nh2 Nf6 10. Nc3 Be6 11. Be2 c6 12. d4 Qa5 13. Bd2 Qc7 14. Nf3 Nh7 15.
d5 Bg4 16. dxc6 Bxc3 17. Bxc3 Nxc6 18. Qd3 f6 19. O-O-O O-O-O 20. Rh1 Ne5 21.
Qd5 Nf8 22. Ba5 b6 23. Nxe5 Bxe2 24. Qa8+ Qb8 25. Qxb8+ Kxb8 26. Nc6+ Kc7 27.
Nxd8 Kxd8 28. Rh8 Ke7 29. Bc3 Bf1 30. Bxf6+ Kxf6 31. Rxf8+ Ke5 32. Rf5+ Kxe4
33. Rxg5 Ke3 34. g3 f3 35. Rg6 Bc4 36. g4 f2 37. Rf6 Bd5 38. Rxf2 Kxf2 39. a4
Be4 40. c4 Ke3 41. b3 d5 42. cxd5 Bxd5 43. b4 Kf4 44. Kd2 Kxg4 45. Ke3 Kf5 46.
Kd4 Ke6 47. a5 bxa5 48. bxa5 Kd6 49. a6 Ba2 50. Kc3 Kc5 51. Kb2 Bg8 52. Kc3 Bh7
53. Kb3 Bd3 54. Kc3 Be4 55. Kb3 Bh7 56. Ka3 Kc4 57. Kb2 Kb4 58. Ka2 Be4 59. Kb2
Bd3 60. Ka1 Bc2 61. Kb2 Be4 62. Ka2 Bd5+ 63. Kb2 Bb3 64. Kc1 Kc3 65. Kb1 Bg8
66. Ka1 Bd5 67. Kb1 Be6 68. Ka1 Bc4 69. Kb1 Bd5 70. Ka1 Be4 71. Ka2 Bg6 72. Ka1
Bf7 73. Kb1 Bb3 74. Ka1 Bg8 75. Kb1 Bc4 76. Ka1 Bb5 77. Kb1 Kb3 78. Ka1 Kc2 79.
Ka2 Bc4+ 80. Ka1 Bd3 81. Ka2 Bb5 82. Ka1 Bd7 83. Ka2 Be6+ 84. Ka1 Kc3 85. Kb1
Bf5+ 86. Ka2 Be4 87. Ka1 Bc2 88. Ka2 Bf5 89. Ka1 Bg4 90. Kb1 Bh3 91. Ka2 Bd7
92. Kb1 Bb5 93. Ka2 Be2 94. Kb1 Bd3+ 95. Ka2 Bf1 96. Ka1 Kc4 97. Kb2 Be2 98.
Kc2 Bd1+ 99. Kxd1 Kd3 100. Ke1 Ke3 101. Kf1 Kd4 102. Kg1 Ke5 103. Kh1 Kd5 104.
Kh2 Ke4 105. Kh3 Kf5 106. Kh4 Ke6 107. Kh5 Ke5 108. Kh6 Kf5 109. Kh7 Kf6 110.
Kh8 Ke5 111. Kg8 Ke4 112. Kh8 Kd4 113. Kg7 Kc5 114. Kh6 Kb5 115. Kg5 Kxa6 116.
Kf4 Kb5 117. Ke3 Kc4 118. Kd2 Kb3 119. Kc1 Ka2 120. Kc2 a6 121. Kc3 Ka3 122.
Kc4 Kb2 123. Kc5 Kc3 124. Kb6 Kd4 125. Kc6 Ke5 126. Kb6 Kd5 127. Kxa6 {
Game drawn because neither player has mating material} 1/2-1/2

[Event "ICS rated blitz match"]
[Site "207.99.83.227"]
[Date "1999.05.16"]
[Round "?"]
[White "Hossa"]
[Black "JudgeTurpin"]
[Result "0-1"]
[WhiteElo "2523"]
[BlackElo "2574"]
[Annotator "Crafty v16.6"]
[PlyCount "129"]

{annotating for player ossa using a scoring margin of +0.20 pawns. search time
limit is 1:00} 1. e4 1... e5 2. f4 exf4 3. Nf3 g5 4. Bc4 ({10:-1.28} 4. Bc4
4... g4 5. Bxf7+ Kxf7 6. Ne5+ Ke8 7. Qxg4 Nf6 8. Qxf4 d6 9. Rf1 dxe5 10. Qxf6
Qxf6 11. Rxf6 $17) ({10:-0.72} 4. h3 4... Nf6 5. Nxg5 h6 6. Nf3 Nxe4 7. Nc3 Ng3
8. Rg1 8... Bb4 $17) 4... Bg7 5. h3 Nc6 6. O-O ({9:-2.07} 6. O-O 6... h5 7. Ne1
Bd4+ 8. Kh1 Nf6 9. Bd5 Nxd5 10. exd5 Ne5 11. a4 $19) ({9:-0.69} 6. Nc3 6... Nh6
7. d4 d6 8. Bb5 a6 9. Bc4 Be6 10. Nd5 $15) 6... d6 7. Nc3 Be6 8. Bb3 ({9:-1.17
} 8. Bb3 8... h5 9. Ne2 Qf6 10. Ba4 Nge7 11. Nfd4 O-O-O 12. Nxc6 Nxc6 13. Bxc6
13... bxc6 $17) ({9:-0.84} 8. Bxe6 8... fxe6 9. d4 e5 10. dxe5 Nxe5 11. Nxe5
Bxe5 12. Qh5+ Kd7 13. Qf7+ Kc8 14. Qf5+ Kb8 15. Nd5 $17) 8... h6 9. d4 Na5 10.
Ba4+ Bd7 11. b4 Bxa4 12. Nxa4 Nc4 13. Qe2 Nb6 14. Nxb6 axb6 15. Bb2 Qe7 16.
Qb5+ c6 17. Qd3 h5 18. Nd2 b5 19. c4 bxc4 20. Nxc4 Qc7 21. e5 dxe5 22. dxe5 Rh6
23. Nd6+ ({9:-0.32} 23. Nd6+ 23... Kf8 24. Rf2 Re6 25. Qf5 Qe7 26. Ne4 Bh6 27.
Nc5 27... Rg6 $15) ({9:+0.37} 23. h4 23... Qe7 24. Qd2 Rd8 25. Nd6+ Rhxd6 26.
exd6 Rxd6 27. Qf2 Bxb2 28. Qxb2 $14) 23... Kf8 24. Nf5 ({9:-0.61} 24. Nf5 24...
Re6 25. Nxg7 Kxg7 26. h4 Qb6+ 27. Qd4 Qxd4+ 28. Bxd4 Kh6 29. hxg5+ Kxg5 30. Kf2
f6 31. Rfe1 fxe5 32. Bxe5 $15) ({9:-0.40} 24. Rf2 24... Ne7 25. h4 Re6 26. hxg5
Ng6 27. Qf5 Nxe5 28. Bxe5 28... Bxe5 $15) 24... Re6 25. Nxg7 Kxg7 26. a3 Ne7
27. Qf3 Rh8 28. Qe4 ({11:-1.16} 28. Qe4 28... Ng6 29. Rad1 Rhe8 30. Qf5 Kh6 31.
Rd6 Rxd6 32. exd6 Qxd6 33. Qxf7 33... Re2 $17) ({11:-0.64} 28. h4 28... Nd5 29.
hxg5 Qe7 30. Bd4 Qxg5 31. Qe4 Rd8 32. Rf3 Kg8 33. Rd1 $15) 28... Qb6+ 29. Bd4
Qd8 30. Rad1 Qd5 31. Qc2 Qb5 32. Rf2 Ra8 33. Bb2 h4 34. Rd6 Qa4 35. Qe2 Kh6 36.
Rd7 b6 37. Qg4 c5 38. Rd6 Qb3 39. bxc5 bxc5 40. Rd1 Nd5 41. Rdd2 Ne3 42. Qf3
Rb8 43. Qe4 Reb6 44. Kh1 Qa2 45. e6 Rxb2 46. Rxb2 Rxb2 47. exf7 Qa1+ 48. Kh2
Rb8 49. Qe7 Qh8 50. Qxc5 Qf8 51. Qc6+ Kg7 52. Qc3+ Kg6 53. Qe5 Rb6 54. Qe4+ Nf5
55. a4 Qxf7 56. Rc2 Qe6 57. Qd3 Qe1 58. Rc3 f3 59. Qxf3 Qe5+ 60. Kg1 Rb1+ 61.
Qf1 Qd4+ 62. Kh2 Rxf1 63. Rc6+ Nd6 64. Rxd6+ Qxd6+ 65. g3 0-1

[Event "ICS rated blitz match"]
[Site "207.99.83.227"]
[Date "1999.05.16"]
[Round "?"]
[White "Hossa"]
[Black "JudgeTurpin"]
[Result "0-1"]
[WhiteElo "2509"]
[BlackElo "2586"]
[Annotator "Crafty v16.6"]
[PlyCount "77"]

{annotating for player ossa using a scoring margin of +0.20 pawns. search time
limit is 1:00} 1. e4 1... e5 2. f4 exf4 3. Nf3 d6 4. d4 g5 5. h4 ({9:-1.06} 5.
h4 5... g4 6. Ng1 f3 7. gxf3 Be7 8. Kd2 g3 9. Bb5+ 9... c6 $17) ({9:-0.67} 5.
h3 5... Bh6 6. Nc3 Bd7 7. Bc4 Nc6 8. Bd2 Nf6 9. Rf1 $15) 5... g4 6. Ng5 ({
10:-2.09} 6. Ng5 6... f6 7. Nxh7 Rxh7 8. Bxf4 Rh5 9. Be2 f5 10. Bb5+ Bd7 11.
Bg5 $19) ({10:-1.07} 6. Ng1 6... f3 7. gxf3 Be7 8. h5 Bh4+ 9. Ke2 g3 10. Kd3
Nc6 11. Bg2 $17) 6... f6 7. Nh3 ({10:-2.63} 7. Nh3 7... gxh3 8. Qh5+ Kd7 9.
Rxh3 Nc6 10. Rd3 Qe7 11. Qg4+ Kd8 12. Qxf4 12... Be6 $19) ({10:-2.25} 7. Nxh7
7... Rxh7 8. Bc4 Ne7 9. Bxf4 Ng6 10. Bg3 Rh5 11. Nc3 11... Nc6 $19) 7... gxh3
8. Qh5+ Kd7 9. Rxh3 Qe8 10. Qxe8+ Kxe8 11. Rc3 f5 12. exf5 ({11:-2.94} 12. exf5
12... Kd8 13. Bxf4 Bh6 14. Be3 Bxf5 15. Na3 Bg4 16. Be2 Bxe2 17. Bxh6 $19) ({
11:-2.37} 12. Rxc7 12... Nc6 13. d5 Ne5 14. exf5 Kd8 15. Rxc8+ Rxc8 16. Nc3 Bh6
17. Ne4 17... Ke7 $19) 12... Kd8 13. Bxf4 Bxf5 14. Na3 Nc6 15. O-O-O Bh6 16.
Bxh6 Nxh6 17. d5 Nb4 18. Rc4 a5 19. Nb5 Nxc2 20. Nxc7 ({11:-3.15} 20. Nxc7
20... Rc8 21. Ne6+ Kd7 22. Kd2 Nb4 23. Nf4 Bg4 24. Ra1 Nf5 25. a3 Rxc4 26. Bxc4
$19) ({11:-2.36} 20. Rxc7 20... Ne3 21. Rxb7 Rc8+ 22. Kd2 Nxd1 23. Kxd1 Rc5 24.
Rb8+ Bc8 25. Nc3 Nf5 26. Rb6 $19) 20... Rc8 21. Nb5 ({10:-3.40} 21. Nb5 21...
Kd7 22. Kd2 Ng4 23. Rf4 Nce3 24. Nd4 Nxd1 25. Bb5+ Kd8 26. Nxf5 $19) ({10:-3.17
} 21. Ne6+ 21... Kd7 22. Kd2 Nb4 23. Nf4 Rhf8 24. Rxc8 Rxc8 25. Bb5+ Ke7 26. a3
Rc2+ 27. Ke1 27... Na2 $19) 21... Rxc4 22. Bxc4 Ne3 23. Nxd6 Nxd1 24. Kxd1 Kc7
25. Nb5+ Kd7 26. Be2 ({11:-3.99} 26. Be2 26... Be4 27. Nc3 Bxg2 28. Kc1 Rc8 29.
Kd2 Rc5 30. Bd3 Bxd5 31. Bxh7 $19) ({11:-3.67} 26. Nc3 26... Rg8 27. Bf1 Kd6
28. Kd2 Rg4 29. h5 Rg5 30. Ke1 Rxh5 31. Bc4 $19) 26... Be4 27. Bf3 ({11:-4.49} 
27. Bf3 27... Bxf3+ 28. gxf3 Nf5 29. h5 Ne3+ 30. Kd2 Nxd5 31. Na3 Rg8 32. Nc4
Rg2+ 33. Kc1 a4 34. Ne5+ 34... Kd6 $19) ({11:-4.11} 27. g4 27... Bxd5 28. Nc3
Bc6 29. Kd2 Rf8 30. g5 Nf5 31. Bg4 Kd6 32. h5 $19) 27... Bxf3+ 28. gxf3 Nf5 29.
h5 Ne3+ 30. Kd2 Nxd5 31. Na3 Rf8 32. Nc4 a4 33. Kd1 b5 34. Nd2 Nf4 35. b3 Nxh5
36. bxa4 bxa4 37. Kc2 Nf4 38. Kc3 Ne2+ 39. Kb2 0-1

[Event "ICS rated blitz match"]
[Site "207.99.83.227"]
[Date "1999.05.16"]
[Round "?"]
[White "Hossa"]
[Black "JudgeTurpin"]
[Result "0-1"]
[WhiteElo "2496"]
[BlackElo "2599"]
[Annotator "Crafty v16.6"]
[PlyCount "165"]

{annotating for player ossa using a scoring margin of +0.20 pawns. search time
limit is 1:00} 1. e4 1... c5 2. Nc3 a6 3. Be2 Nc6 4. Nf3 d6 5. d4 cxd4 6. Nxd4
Nxd4 7. Qxd4 Nf6 8. O-O e5 9. Qd3 Be7 10. Nd5 ({11:+0.30} 10. Nd5 10... Nxd5
11. exd5 Qd7 12. Bf3 O-O 13. Be3 Bh4 14. Rae1 Qf5 15. Qe4 Qxe4 16. Bxe4 $10) ({
11:+0.63} 10. Bg5 10... O-O 11. Rad1 Ne8 12. Be3 Bg5 13. Nd5 Bxe3 14. Qxe3 Be6
15. Bh5 15... Qh4 $14) 10... Nxd5 11. exd5 O-O 12. Be3 ({10:+0.12} 12. Be3
12... Bg5 13. Rae1 Bxe3 14. Qxe3 Bf5 15. Bd3 Bxd3 16. Qxd3 Qb6 17. Qc3 17...
Qd8 $10) ({10:+0.35} 12. Qe4 12... Bg5 13. Bd3 g6 14. Re1 Bxc1 15. Raxc1 Qg5
16. Qe3 Qxe3 17. fxe3 Bg4 18. Kf2 $14) 12... Bg5 13. Qe4 Bxe3 14. fxe3 ({
10:-0.39} 14. fxe3 14... Qb6 15. Rab1 f5 16. Qd3 e4 17. Qb3 Qc5 18. Bh5 18...
f4 $15) ({10:-0.09} 14. Qxe3 14... Bf5 15. Bd3 Qf6 16. Bxf5 Qxf5 17. c3 Rac8
18. Rfe1 Rc5 19. Rad1 $10) 14... Qb6 15. Qd3 Bd7 16. Qb3 Qxb3 17. axb3 f5 18.
b4 Rac8 19. c4 g6 20. h4 ({11:-0.04} 20. h4 20... h6 21. Kf2 f4 22. e4 g5 23.
hxg5 hxg5 24. Rac1 Kf7 25. c5 Ke7 26. cxd6+ Kxd6 27. Rxc8 27... Rxc8 $10) ({
11:+0.20} 20. Rac1 20... Kf7 21. c5 Ke7 22. c6 bxc6 23. Bxa6 Rc7 24. b5 c5 25.
Kf2 $10) 20... Kg7 21. Kh2 ({11:-0.10} 21. Kh2 21... Kf6 22. Rac1 h6 23. c5 Ke7
24. g3 g5 25. Rc4 gxh4 26. gxh4 Rg8 27. cxd6+ 27... Kxd6 $10) ({11:+0.22} 21.
Rac1 21... Kf6 22. c5 Ke7 23. c6 bxc6 24. Bxa6 Rc7 25. b5 c5 26. Kf2 $10) 21...
f4 22. exf4 Rxf4 23. Rxf4 exf4 24. Rf1 Re8 25. Bf3 Bf5 26. c5 Kf6 27. Ra1 Bd7
28. c6 Bc8 29. c7 ({11:+0.32} 29. c7 29... h6 30. g3 fxg3+ 31. Kxg3 g5 32. Rc1
Re3 33. Rc3 Rxc3 34. bxc3 gxh4+ 35. Kxh4 Ke7 36. Bg4 Bxg4 37. Kxg4 $14) ({
11:+1.18} 29. b5 29... axb5 30. Ra8 bxc6 31. dxc6 d5 32. Rb8 d4 33. Rxb5 d3 34.
Rd5 34... Bf5 $16) 29... Re7 30. Rc1 h6 31. Rc2 g5 32. hxg5+ hxg5 33. Rc4 b5
34. Rc6 Rh7+ 35. Kg1 Ke5 36. Rc3 g4 37. Bd1 Kxd5 38. Bc2 Re7 39. Kf2 Kd4 40.
Bg6 g3+ 41. Kf3 Ke5 42. Bh5 Bb7+ 43. Ke2 Kd4+ 44. Kd2 Bc8 45. Bf3 Rh7 46. Rc1
Rf7 47. Bh5 Re7 48. Be2 d5 49. Bf3 Ke5 50. Rc6 Re6 51. Rc5 Kd6 52. Kc2 Re7 53.
Kd3 Re3+ 54. Kd4 Rb3 55. Rxd5+ Kxc7 56. Rc5+ Kb8 57. Rc6 Rxb4+ 58. Kc3 Ra4 59.
b3 Ra1 60. Rf6 Rc1+ 61. Kd2 Rb1 62. Kc2 Rf1 63. Rxf4 Bh3 64. gxh3 g2 65. Rg4
g1=Q 66. Rxg1 Rxg1 67. h4 Rg3 68. Bd1 Kc7 69. h5 Kd6 70. Be2 Kc5 71. Bd1 Kb4
72. Kd2 Rh3 73. Kc1 Kc3 74. Bg4 Rh1+ 75. Bd1 a5 76. h6 Rxh6 77. Bf3 Rf6 78. Bg2
Rg6 79. Bf1 Rg1 80. Kd1 Rxf1+ 81. Ke2 Rb1 82. Kf3 a4 83. b4 0-1

[Event "ICS rated blitz match"]
[Site "207.99.83.227"]
[Date "1999.05.17"]
[Round "?"]
[White "RedBear"]
[Black "Hossa"]
[Result "1-0"]
[WhiteElo "2455"]
[BlackElo "2485"]
[Annotator "Crafty v16.6"]
[PlyCount "141"]

{annotating for player ossa using a scoring margin of +0.20 pawns. search time
limit is 1:00} 1. e4 1... e5 2. Nf3 Nf6 3. Nxe5 Qe7 4. d4 d6 5. Nf3 Qxe4+ 6.
Be2 Bf5 7. c3 Be7 8. O-O O-O 9. Na3 Nbd7 10. Ng5 Qc6 11. Re1 Rae8 12. Bd3 Bxd3
13. Qxd3 d5 14. Nc2 Bd6 15. Rxe8 Rxe8 16. Ne3 Ne4 ({10:-0.03} 16... Ne4 17. Nf5
Nb6 18. Nxe4 Rxe4 19. Bg5 Na4 20. Nxd6 Qxd6 21. b4 Nb6 22. a4 $10) ({10:+0.19} 
16... Bf4 17. Nh3 Qd6 18. Qf5 Re4 19. Ng5 Bxh2+ 20. Kh1 Rf4 21. Qh3 21... h6
$10) 17. Nxe4 Rxe4 18. f3 Re6 19. Bd2 Nf6 20. Nf5 Qb6 21. b3 Ba3 22. c4 c5 23.
cxd5 Nxd5 24. Qc4 Qc6 25. Qd3 Bb2 ({10:+0.00} 25... Bb2 26. Rb1 Ba3 27. Ra1 $10
) ({10:+0.23} 25... g6 26. Nh6+ Kf8 27. dxc5 Bxc5+ 28. Kh1 Be3 29. Rc1 Bxd2 30.
Qxd2 Re2 31. Qg5 31... Qd6 $10) 26. Rb1 Bxd4+ ({11:-0.21} 26... Bxd4+ 27. Nxd4
cxd4 28. Rc1 Nc3 29. Bxc3 dxc3 30. Rxc3 Qe8 31. Kf2 Re7 32. h3 Re1 33. Rc7 $10)
({11:+0.00} 26... Ba3 27. Ra1 $10) 27. Nxd4 cxd4 28. Rc1 Nc3 29. Bxc3 dxc3 30.
Qxc3 Qb6+ 31. Kf1 Rc6 32. Qe1 Qa6+ 33. Rc4 g5 34. Qe8+ Kg7 35. Qe5+ Kg6 36.
Qe4+ Kh6 37. a4 Rxc4 38. Qxc4 Qxc4+ 39. bxc4 Kg6 40. Ke2 Kf5 41. Ke3 h5 42. Kd4
Kf4 43. a5 h4 44. a6 b6 45. Kd5 h3 46. gxh3 Kxf3 47. Kc6 f5 48. Kb7 f4 49. Kxa7
Ke3 50. Kxb6 f3 51. a7 f2 52. a8=Q f1=Q 53. Qa3+ Kd4 54. Qc5+ Kc3 55. Qe5+ Kb3
56. c5 Qc1 57. c6 Qg1+ 58. Qc5 Qxh2 59. c7 Qf4 60. c8=Q Qf6+ 61. Ka7 Qa1+ 62.
Kb7 Qh1+ 63. Q8c6 Qxc6+ 64. Kxc6 g4 65. hxg4 Kb2 66. Kd5 Kb3 67. Qc7 Kb4 68.
Qc2 Kb5 69. Qb3+ Ka6 70. Kc6 Ka7 71. Qb7# 1-0

[Event "ICS rated blitz match"]
[Site "207.99.83.227"]
[Date "1999.05.17"]
[Round "?"]
[White "Hossa"]
[Black "SuperChicken"]
[Result "1-0"]
[WhiteElo "2473"]
[BlackElo "2804"]
[PlyCount "100"]

1. e4 e5 2. f4 exf4 3. Nf3 g5 4. Bc4 Bg7 5. h3 Qe7 6. Qe2 Nc6 7. Nc3 Qc5 8. Bb3
Nd4 9. Nxd4 Bxd4 10. Nd5 h6 11. c3 Bf6 12. d4 Qc6 13. h4 Bd8 14. hxg5 Bxg5 15.
Bxf4 Bxf4 16. Nxf4 Rh7 17. O-O-O Nf6 18. e5 Ng8 19. Nh5 Kd8 20. Rhf1 Qg6 21.
Rd2 Rh8 22. Rxf7 Ne7 23. Nf6 Qg3 24. Qg4 Qxg4 25. Nxg4 h5 26. Nf6 Nf5 27. Rf2
Nh6 28. Rg7 c6 29. Nxh5 Ng4 30. Rxg4 Rxh5 31. Rg7 Rh8 32. Bg8 Ke8 33. Kc2 Rb8
34. g4 a5 35. g5 b5 36. g6 a4 37. Bf7+ Kf8 38. Rh7 Rxh7 39. gxh7 Kg7 40. Bg8
Kh8 41. Rf8 a3 42. e6 dxe6 43. Bxe6+ Kxh7 44. Rxc8 Rb6 45. bxa3 Kg6 46. Bd7 Kf7
47. Bxc6 Kf6 48. Kb3 Ke7 49. Kb4 Ra6 50. Bxb5 50... Rf6 {SuperChicken resigns}
1-0

[Event "ICS rated blitz match"]
[Site "207.99.83.227"]
[Date "1999.05.17"]
[Round "?"]
[White "Hossa"]
[Black "MarkOrr"]
[Result "1-0"]
[WhiteElo "2501"]
[BlackElo "2187"]
[PlyCount "68"]

1. e4 c6 2. d4 d5 3. Nc3 dxe4 4. Nxe4 Nf6 5. Nxf6+ exf6 6. c3 Bd6 7. Bd3 O-O 8.
Ne2 Re8 9. Qc2 Kh8 10. Bxh7 g6 11. Bxg6 fxg6 12. Qxg6 Nd7 13. Qh5+ Kg8 14. Bh6
Qe7 15. Qg6+ Kh8 16. Bg7+ Qxg7 17. Qh5+ Kg8 18. Qxe8+ Qf8 19. Qe6+ Kh8 20. Qh3+
Kg8 21. Qg4+ Kh8 22. Qh5+ Kg7 23. Ng3 Nb6 24. O-O-O Qf7 25. Qh4 Qg6 26. Ne4 Be7
27. Rde1 Qh6+ 28. Qxh6+ Kxh6 29. h4 Bd7 30. g3 Re8 31. Re2 Bd8 32. Rhe1 Bg4 33.
Nxf6 Bxe2 34. Nxe8 34... Bc4 {MarkOrr resigns} 1-0